New ACE Agreements 2002 (Record no. 71694)

MARC details
000 -LEADER
fixed length control field 00996cam a2200193 4500
001 - CONTROL NUMBER
control field WB3845-03
008 - FIXED-LENGTH DATA ELEMENTS--GENERAL INFORMATION
fixed length control field 021203n2002 000 0 eng u
035 ## - SYSTEM CONTROL NUMBER
System control number (Sirsi) u120645
245 ## - TITLE STATEMENT
Title New ACE Agreements 2002
260 ## - PUBLICATION, DISTRIBUTION, ETC.
Date of publication, distribution, etc. 2002
490 ## - SERIES STATEMENT
Series statement Consult
Volume/sequential designation (28) November 2002, 1(1)
490 ## - SERIES STATEMENT
Series statement ACE Press Release
Volume/sequential designation 28 October 2002, (2)
520 ## - SUMMARY, ETC.
Summary, etc. The Association of Consulting Engineers (ACE) has released new editions of ACE's industry standard appointment agreements for engineering consultants. "ACE Agreements 2002" will be available to use via the internet and includes a new "Short form agreement" and a "Sub-consultancy agreement". "ACE Agreements 2002" available to buy from ACE Publications, t +44 (0)20 7222 6557 (ext 123) or e [email protected] www.acenet.co.uk/cfm/press/DisplayNews.cfm?EntryNum=99.
590 ## - LOCAL NOTE (RLIN)
Local note WB
650 ## - SUBJECT ADDED ENTRY--TOPICAL TERM
Topical term or geographic name entry element ENGINEERING CONTRACTS
650 ## - SUBJECT ADDED ENTRY--TOPICAL TERM
Topical term or geographic name entry element ACE CONDITIONS OF ENGAGEMENT
690 ## - LOCAL SUBJECT ADDED ENTRY--TOPICAL TERM (OCLC, RLIN)
Topical term or geographic name as entry element BUILT ENVIRONMENT-BUILDING CONTRACT FORMS
942 ## - ADDED ENTRY ELEMENTS (KOHA)
Suppress in OPAC 0
Holdings
Withdrawn status Lost status Source of classification or shelving scheme Damaged status Not for loan Home library Current library Shelving location Date acquired Total Checkouts Full call number Barcode Date last seen Copy number Price effective from Koha item type
    Dewey Decimal Classification     London London News article 03/12/2002   WB3845-03 120645-1001 06/08/2019 1 06/08/2019 News article